[Event "South Normanton Hull op 56th"]
[Site "South Normanton"]
[Date "2019.11.02"]
[Round "3"]
[White "Maton, James J"]
[Black "Weller, Colin"]
[Result "1-0"]
[WhiteElo "102"]
[BlackElo "122"]
[PlyCount "77"]
[EventDate "2019.11.01"]
[EventType "swiss"]
[EventRounds "5"]
[EventCountry "ENG"]
[SourceTitle "EXT 2025"]
[Source "ChessBase"]
[SourceDate "2024.10.14"]
[SourceVersion "1"]
[SourceVersionDate "2024.10.14"]
[SourceQuality "1"]

1. d4 d6 2. c4 Nd7 3. g3 e5 4. Nf3 Be7 5. Bg2 Ngf6 6. 0-0 0-0 7. e3 c6 8. Qc2 Qc7 9. Nbd2 Re8 10. b3 Bf8 11. Bb2 g6 12. Rad1 Bg7 13. Rfe1 a6 14. a4 b6 15. dxe5 dxe5 16. b4 Bb7 17. Nb3 Rad8 18. Rd3 e4 19. Rxd7 Rxd7 20. Nfd2 Rde7 21. Nc1 b5 22. axb5 axb5 23. c5 Bc8 24. Qc3 Nh5 25. Qc2 Bxb2 26. Qxb2 f5 27. Ne2 Ng7 28. Nb3 Ne6 29. Nbd4 Nxd4 30. Nxd4 Be6 31. Bf1 Bd5 32. Rd1 Ra8 33. Nxb5 cxb5 34. Rxd5 Rb8 35. Qa2 Kg7 36. Qb2+ Kh6 37. Rxf5 Qc6 38. Rf4 g5 39. Rf6+ 1-0

[Event "South Normanton Hull op 56th"]
[Site "South Normanton"]
[Date "2019.11.01"]
[Round "1"]
[White "Waterfield, Mark"]
[Black "Maton, James J"]
[Result "1-0"]
[WhiteElo "126"]
[BlackElo "102"]
[PlyCount "69"]
[EventDate "2019.11.01"]
[EventType "swiss"]
[EventRounds "5"]
[EventCountry "ENG"]
[SourceTitle "EXT 2025"]
[Source "ChessBase"]
[SourceDate "2024.10.14"]
[SourceVersion "1"]
[SourceVersionDate "2024.10.14"]
[SourceQuality "1"]

1. e4 d6 2. d4 Nf6 3. Nc3 g6 4. Be3 c6 5. Qd2 b5 6. a3 Nbd7 7. Be2 Bb7 8. f3 Qc7 9. Nh3 a5 10. 0-0 b4 11. Nd1 c5 12. dxc5 dxc5 13. Bb5 Bg7 14. Ndf2 Ba6 15. Bxa6 Rxa6 16. axb4 Rd6 17. Qc3 0-0 18. e5 Nxe5 19. Qxe5 Ng4 20. Qxc5 Rc6 21. Bf4 e5 22. Qxa5 Nxf2 23. Nxf2 exf4 24. Qxc7 Rxc7 25. c3 Bxc3 26. bxc3 Rxc3 27. Rfc1 Re3 28. Rab1 Rd8 29. b5 Re2 30. Ne4 f5 31. Nc3 Re7 32. b6 Kf7 33. Nd5 Re5 34. b7 Rb8 35. Rc8 1-0

[Event "GBR-ch Sub 120 106th"]
[Site "Torquay"]
[Date "2019.07.29"]
[Round "1"]
[White "Maton, James J"]
[Black "Constable, John"]
[Result "1-0"]
[WhiteElo "1348"]
[BlackElo "1513"]
[PlyCount "93"]
[EventDate "2019.07.29"]
[EventType "swiss"]
[EventRounds "7"]
[EventCountry "ENG"]
[SourceTitle "EXT 2025"]
[Source "ChessBase"]
[SourceDate "2024.10.14"]
[SourceVersion "1"]
[SourceVersionDate "2024.10.14"]
[SourceQuality "1"]

1. d4 Nf6 2. c4 g6 3. Nf3 Bg7 4. g3 d6 5. Bg2 0-0 6. 0-0 Nbd7 7. Qc2 e5 8. dxe5 Nxe5 9. Nxe5 dxe5 10. Rd1 Qe7 11. b3 Bf5 12. e4 Bg4 13. f3 Qc5+ 14. Kh1 Be6 15. Ba3 Qa5 16. Bxf8 Bxf8 17. a3 Rd8 18. b4 Rxd1+ 19. Qxd1 Bxb4 20. Ra2 Bxc4 21. Rc2 Bb3 22. Qd8+ Kg7 23. axb4 Qxb4 24. Rc1 Bc2 25. Qd2 Qxd2 26. Nxd2 Ba4 27. Rxc7 Bc6 28. Nc4 Nd7 29. Na5 Nb8 30. Nxc6 Nxc6 31. Rxb7 a5 32. Bf1 Nd4 33. Ra7 Nc6 34. Ra6 Nd4 35. Rxa5 Nxf3 36. Kg2 Nd2 37. Rxe5 f6 38. Re8 Kf7 39. Bb5 h6 40. e5 Ne4 41. e6+ Kg7 42. Ra8 Nd6 43. e7 Kf7 44. e8Q+ Nxe8 45. Bxe8+ Kg7 46. Ra7+ Kf8 47. Bxg6 1-0

[Event "GBR-ch Yates op 106th"]
[Site "Torquay"]
[Date "2019.07.26"]
[Round "1"]
[White "Gogia, Abeer"]
[Black "Maton, James J"]
[Result "1-0"]
[WhiteElo "1134"]
[BlackElo "1348"]
[PlyCount "120"]
[EventDate "2019.07.26"]
[EventType "swiss"]
[EventRounds "5"]
[EventCountry "ENG"]
[SourceTitle "EXT 2025"]
[Source "ChessBase"]
[SourceDate "2024.10.14"]
[SourceVersion "1"]
[SourceVersionDate "2024.10.14"]
[SourceQuality "1"]

1. e4 d6 2. d4 Nf6 3. Nc3 g6 4. Bc4 Bg7 5. Bf4 Nc6 6. Nf3 Bg4 7. Be3 0-0 8. h3 Bxf3 9. Qxf3 e5 10. 0-0-0 a6 11. d5 Na5 12. Bd3 b5 13. h4 h5 14. Bg5 Kh7 15. Rdg1 Bh6 16. Bxh6 Kxh6 17. Qe3+ Kg7 18. Be2 Qd7 19. Qg5 b4 20. Nd1 Nxe4 21. Qe3 f5 22. f3 Ng3 23. Rh3 f4 24. Qd3 c5 25. dxc6 Qxc6 26. Nf2 Nxe2+ 27. Qxe2 b3 28. a3 Rac8 29. c3 Nc4 30. g4 fxg3 31. Rgxg3 Nxa3 32. Qe4 Qxe4 33. Nxe4 Nc4 34. Ng5 Rf6 35. Ne4 Rf7 36. Rg1 d5 37. Ng3 Kh6 38. Ne2 Rf6 39. Rgh1 a5 40. Rd1 Rd8 41. f4 exf4 42. Rf3 a4 43. Rxf4 Rxf4 44. Nxf4 g5 45. hxg5+ Kxg5 46. Ne6+ Kg4 47. Nxd8 h4 48. Rh1 Kg3 49. Ne6 h3 50. Ng5 h2 51. Nf3 Kxf3 52. Rxh2 Ne3 53. Rh8 Nc4 54. Ra8 Ke4 55. Rxa4 Kd3 56. Rb4 Nd2 57. Rb5 Kc4 58. Rb8 Kd3 59. Rd8 Nc4 60. Rxd5+ Ke4 1-0